The Violin & its story: Or the history & construction of the violin. Translated and Adapted from de German by Geofrey Alwyn. With twenty-eight illustrations

Saved in:
Bibliografiske detaljer
Hovedforfatter: Abele, Hyacinth (Author)
Format: Bog
Sprog:engelsk
Udgivet: Londres Charles Scribner's Sons 1905
Udgivelse:1a. ed
Serier:Strad, 15
Fag:
Tags: Tilføj Tag
Ingen Tags, Vær først til at tagge denne postø!

MARC

LEADER 00000nam a2200000 a 4500
001 UCJ7287
003 CL-VaPUC
005 20250228122935.0
008 070124e19050000UK |||||||||||||||||eng|d
999 |c 323383  |d 323381 
040 |c Pontificia Universidad Católica de Valparaíso 
082 0 4 |a 780  |b ABE  |2 21 
100 0 |a Abele, Hyacinth  |e author  |9 515568 
245 1 4 |a The Violin & its story: Or the history & construction of the violin. Translated and Adapted from de German by Geofrey Alwyn. With twenty-eight illustrations 
250 |a 1a. ed 
260 |a Londres  |b Charles Scribner's Sons  |c 1905 
300 |a 119 p 
490 0 |a Strad, 15 
500 |a Violín Guarnerius, en el frontispicio; ilustraciones 
583 |a last modification  |c 20070124 00:00:00  |k Rodrigo Vera 
600 0 |a Guarnerius, Joseph  |9 515572  |d 1698-1744 
600 0 |a Amati, Nicolás  |2 CL-VaPUC  |9 515570  |d 1596-1684 
600 0 |a Stradivarius, Antonio  |2 CL-VaPUC  |9 458006  |d 1644-1737 
650 0 |a Instrumentos musicales  |9 306600 
650 0 |a Violín  |9 390065 
650 0 |a Ilustraciones  |9 369481 
942 |c BK  |2 ddc 
945 |d 20070124 00:00:00  |a rinostro 
952 |0 0  |1 0  |4 0  |6 780_000000000000000_ABE_1905  |7 0  |8 X  |9 402939  |a FDOBUD  |b FDOBUD  |d 2019-11-22  |i 1061038  |o 780 ABE 1905  |p 1061038  |r 2019-11-22  |w 2019-11-22  |y BK_X  |k BUD